[Event "RSA-ch U10"]
[Site "Bloemfontein"]
[Date "2016.03.26"]
[Round "11"]
[White "Collier, Zachary"]
[Black "Mostert, Gert"]
[Result "0-1"]
[WhiteElo "1017"]
[BlackElo "1267"]
[PlyCount "27"]
[EventDate "2016.03.20"]
[EventType "swiss"]
[EventRounds "11"]
[EventCountry "RSA"]
[SourceTitle "CBM 171 Extra"]
[Source "ChessBase"]
[SourceDate "2016.04.26"]
[SourceVersion "1"]
[SourceVersionDate "2016.04.26"]
[SourceQuality "1"]

1. d4 d5 2. Bg5 h6 3. Bh4 Nd7 4. Nf3 Ngf6 5. Nbd2 e6 6. e3 Be7 7. Bxf6 Bxf6 8. Bd3 0-0 9. Ne5 c5 10. 0-0 Qb6 11. Rb1 cxd4 12. exd4 Qxd4 13. Nef3 Qb6 14. c3 0-1

[Event "RSA-ch U10"]
[Site "Waterkloof"]
[Date "2015.04.06"]
[Round "3"]
[White "Mostert, Gert"]
[Black "De Villiers, David Jacobus"]
[Result "1-0"]
[WhiteElo "1115"]
[BlackElo "916"]
[PlyCount "63"]
[EventDate "2015.04.04"]
[EventType "swiss"]
[EventRounds "9"]
[EventCountry "RSA"]
[SourceTitle "CBM 166 Extra"]
[Source "ChessBase"]
[SourceDate "2015.06.18"]
[SourceVersion "1"]
[SourceVersionDate "2015.06.18"]
[SourceQuality "1"]

1. e4 e5 2. Nf3 Nc6 3. d4 Bd6 4. d5 Nge7 5. Bd3 Ng6 6. Bg5 Nce7 7. 0-0 h6 8. Be3 c6 9. c4 a6 10. c5 Bb8 11. d6 Ng8 12. Qb3 Ba7 13. Bc4 Qf6 14. Nc3 Rb8 15. Rad1 b6 16. cxb6 Bxb6 17. Bxb6 Rxb6 18. Qxb6 Nf4 19. Qb8 Kd8 20. Bxa6 Ne7 21. dxe7+ Kxe7 22. Bxc8 Qg6 23. Rxd7+ Ke8 24. Qxe5+ Ne6 25. Rd6 Ke7 26. Bxe6 fxe6 27. Nd4 c5 28. Rxe6+ Qxe6 29. Qxe6+ Kf8 30. Nf5 c4 31. Qe7+ Kg8 32. Qxg7# 1-0

[Event "RSA-ch U10"]
[Site "Waterkloof"]
[Date "2015.04.04"]
[Round "2"]
[White "Dykema, Joshua Damain"]
[Black "Mostert, Gert"]
[Result "1-0"]
[WhiteElo "1238"]
[BlackElo "1115"]
[PlyCount "61"]
[EventDate "2015.04.04"]
[EventType "swiss"]
[EventRounds "9"]
[EventCountry "RSA"]
[SourceTitle "CBM 166 Extra"]
[Source "ChessBase"]
[SourceDate "2015.06.18"]
[SourceVersion "1"]
[SourceVersionDate "2015.06.18"]
[SourceQuality "1"]

1. d4 d5 2. f4 Nf6 3. Nf3 Bf5 4. e3 e6 5. Bd3 Bg6 6. c3 Bd6 7. Ne5 Bxd3 8. Qxd3 Nbd7 9. Nd2 c5 10. 0-0 a6 11. Ndf3 Qe7 12. Ng5 Rf8 13. Nxh7 Nxh7 14. Qxh7 0-0-0 15. Qxg7 Bxe5 16. fxe5 cxd4 17. exd4 Rh8 18. Bg5 Rdg8 19. Qxg8+ Rxg8 20. Bxe7 Rg7 21. Rf2 f5 22. exf6 Rf7 23. Raf1 Nb6 24. Rf3 Nc4 25. Rh3 Nxb2 26. Rh8+ Kc7 27. Rf8 Rxf8 28. Bxf8 Nc4 29. f7 Nb6 30. Bd6+ Kxd6 31. f8Q+ 1-0